| 000 | 00444cam a2200169ua 4500 | ||
|---|---|---|---|
| 020 | _cRs0.40 | ||
| 041 |
_aeng _h |
||
| 082 |
_a320.58 _bKAL/AN |
||
| 100 | _aKalorathi, Mukhulbhai . | ||
| 245 |
_aAnecdotes from Bapu`s life / _cMukhulbhai Kalorathi. _hTextual Documents |
||
| 260 |
_aAhmadabad : _bNavajivan publishing house , _c1960. |
||
| 300 | _a47 ; . | ||
| 365 | _aRs0.40 | ||
| 504 | _a | ||
| 942 | _cBK | ||
| 999 |
_c11134 _d11134 |
||